| 000 -ლიდერი |
| ფიქსირებული სიგრძის საკონტროლო ველი |
01302nam a22001937a 4500 |
| 003 - საკონტროლო ნომრის იდენტიფიკატორი |
| საკონტროლო ველი |
Ge_BSU |
| 005 - ბოლო ოპერაციის თარიღი და დრო |
| საკონტროლო ველი |
20230707152513.0 |
| 008 - ფიქსირებული სიგრძის მონაცემთა ელემენტები - ზოგადი ინფორმაცია |
| ფიქსირებული სიგრძის საკონტროლო ველი |
230707s2006ge xxu||||| |||| 00| 0 geo d |
| 041 ## - ენის კოდი |
| Language code of text/sound track or separate title |
geo |
| 080 ## - უნივერსალური ათობითი კლასიფიკაციის ინდექსი |
| Universal Decimal Classification number |
94(479.6:470) გ-25 |
| 100 ## - მთავარი ჩანაწერი - პიროვნების სახელი |
| Personal name |
გასვიანი, გერონტი |
| 9 (RLIN) |
19198 |
| 245 ## - ცნობა სათაურის შესახებ |
| Title |
ჩრდილოეთ კავკასიის ხალხები უძველესი დროიდან XX საუკუნამდე / |
| Statement of responsibility, etc |
გერონტი გასვიანი, თორნიკე გასვიანი, რედ. ფარნაოზ ლომაშვილი |
| 264 ## - წარმოების, გამოცემის, დისტრიბუციის და სხვა ცნობები |
| გამოცემის, წარმოების, დისტრიბუციის... ადგილი |
თბილისი, |
| გამოცემის, წარმოების, დისტრიბუციის... თარიღი |
2006. |
| 300 ## - ფიზიკური აღწერა |
| Extent |
383 გვ.: |
| Other physical details |
22 სმ. |
| 653 ## - INDEX TERM--UNCONTROLLED |
| Uncontrolled term |
ჩრდილოეთ კავკასიის ხალხები უძველესი დროიდან XX საუკუნამდე |
| 700 ## - ADDED ENTRY--PERSONAL NAME |
| Personal name |
ლომაშვილი, ფარნაოზ |
| Relator term |
რედაქტორი |
| 9 (RLIN) |
19199 |
| 710 ## - ADDED ENTRY--CORPORATE NAME |
| Corporate name or jurisdiction name as entry element |
საქართველოს მეცნიერებათა აკადემია ივანე ჯავახიშვილის სახელობის ისტორიისა და ეთნოლოგიის ინსტიტუტი |
| 9 (RLIN) |
19200 |
| 942 ## - ADDED ENTRY ELEMENTS (KOHA) |
| Source of classification or shelving scheme |
|
| Koha item type |
წიგნი |